| Tag |
First Indicator |
Second Indicator |
Subfields |
| LEADER |
00000cam a22000007a 4500 |
| 001 |
in00001102421 |
| 005 |
20150929214327.0 |
| 008 |
921215s1990 msu b f000 0 eng d |
| 010 |
|
|
|a gp 93061664
|
| 035 |
|
|
|a (OCoLC)27123333
|
| 035 |
|
|
|9 AFU3253AM
|
| 040 |
|
|
|a GPO
|c GPO
|d DLC
|d UtOrBLW
|
| 074 |
|
|
|a 0334-A-16 (MF)
|
| 086 |
0 |
|
|a D 103.24/2:HL-90-9
|
| 100 |
1 |
|
|a Stockstill, Richard L.
|
| 245 |
1 |
0 |
|a Red River Waterway revised outlets for Red River Locks :
|b hydraulic model investigation /
|c by Richard L. Stockstill ; prepared for US Army Engineer District, Vicksburg.
|
| 264 |
|
1 |
|a Vicksburg, Miss. :
|b US Army Corps of Engineers, Hydraulics Laboratory ;
|a [Springfield, Va.] :
|b [Available from National Technical Information Service],
|c [1990]
|
| 300 |
|
|
|a 1 volume
|
| 336 |
|
|
|a text
|b txt
|2 rdacontent
|
| 337 |
|
|
|a microform
|b h
|2 rdamedia
|
| 338 |
|
|
|a microfiche
|b he
|2 rdacarrier
|
| 490 |
1 |
|
|a Technical report HL ;
|v 90-9
|
| 500 |
|
|
|a Distributed to depository libraries in microfiche.
|
| 500 |
|
|
|a Shipping list number: 92-2451-M.
|
| 533 |
|
|
|a Microfiche.
|b [Washington, D.C.?] :
|c Supt. of Docs., U.S. G.P.O.,
|d [1992]
|e 1 microfiche.
|
| 500 |
|
|
|a Microform.
|
| 650 |
|
0 |
|a Locks (Hydraulic engineering)
|z Red River (Tex.-La.)
|
| 650 |
|
0 |
|a Sediment transport
|z Red River (Tex.-La.)
|
| 710 |
2 |
|
|a Hydraulics Laboratory (U.S.)
|
| 830 |
|
0 |
|a Technical report HL ;
|v 90-9.
|
| 999 |
|
|
|a MARS
|
| 999 |
f |
f |
|s 61897e24-c8f3-3c88-8034-7f8b46f26cac
|i 869d9fab-d99e-3cb0-8937-8e60c713e279
|t 0
|
| 952 |
f |
f |
|p normal
|a Texas A&M University
|b College Station
|c Sterling C. Evans Library
|d Evans: US Documents Microfiche (3rd floor)
|t 0
|e D 103.24/2:HL-90-9
|h Superintendent of Documents classification
|i microform -- microfiche
|m A14817345191
|
| 952 |
f |
f |
|p normal
|a Texas A&M University
|b College Station
|c Sterling C. Evans Library
|d Evans: US Documents (Annex 5th floor)
|t 0
|e D 103.24/2:HL-90-9
|h Superintendent of Documents classification
|i microform -- microfiche
|m A14832146083
|
| 998 |
f |
f |
|a D 103.24/2:HL-90-9
|t 0
|l Evans: US Documents (Annex 5th floor)
|
| 998 |
f |
f |
|a D 103.24/2:HL-90-9
|t 0
|l Evans: US Documents Microfiche (3rd floor)
|